Contra la dominación: variaciones sobre la salvaje exigencia de libertad que brota del relativismo y de las consonancias entre Castoriadis, Foucault, Rorty y Serres

محفوظ في:
التفاصيل البيبلوغرافية
المؤلف الرئيسي: Ibáñez Gracia, Tomás (مؤلف)
التنسيق: كتاب
اللغة:الإسبانية
منشور في: Barcelona CLA-DE-MA 2005
الطبعة:1a. ed
سلاسل:Sociología. Filosofía
الموضوعات:
الوسوم: إضافة وسم
لا توجد وسوم, كن أول من يضع وسما على هذه التسجيلة!

MARC

LEADER 00000nam a2200000 a 4500
001 UCI9644
003 CL-VaPUC
008 081128e20050000SP |||||||||||||||||spa|d
020 |a 8497841085 
082 0 4 |a 149  |b IBA  |2 21 
100 |a Ibáñez Gracia, Tomás  |e author  |9 497514 
245 1 0 |a Contra la dominación: variaciones sobre la salvaje exigencia de libertad que brota del relativismo y de las consonancias entre Castoriadis, Foucault, Rorty y Serres 
250 |a 1a. ed 
300 |a 226 p 
942 |c BK 
945 |d 20081128 00:00:00  |a jtorresc 
260 |a Barcelona  |b CLA-DE-MA  |c 2005 
650 7 |a RELATIVISMO EN LA FILOSOFIA  |2 CL-VaPUC  |9 533498 
650 0 |a Filosofía contemporánea  |9 265372 
650 0 |a Antropología filosófica  |9 265842 
583 |a last modification  |c 20081128 00:00:00  |k Rodrigo Vera 
490 0 |a Sociología. Filosofía 
999 |c 332138  |d 332136 
952 |0 0  |1 0  |4 0  |6 149_000000000000000_IBA_2005  |7 0  |8 A  |9 419563  |a BIBEDU  |b BIBEDU  |d 2019-11-22  |i 450092K  |o 149 IBA 2005  |p 450092K  |r 2019-11-22  |w 2019-11-22  |y BK  |k PSI